000 00505nam a2200145Ia 4500
008 151213s9999 xx 000 0 und d
100 _aমো: নূও হোসেন।
245 _aবেসিক বিসনেন্স ফাইনান্স।
_cমো: নূও হোসেন।
260 _aঢাকা
_bকাজী প্রকাশনী।
_c2003
300 _a1671 p.
650 _aFinance
650 _aFinance
700 _aমো: নূও হোসেন।
999 _c1251
_d1251